000 00550nam a2200121Ia 4500
008 220620s9999||||xx |||||||||||||| ||und||
245 0 _aGlobal Indian Diasporas
_bExploring Trajectories of Migration and Theory
546 _aEnglish[eng]
650 _apopular science||wetenschap algemeen
700 _aOonk, Gijsbert
856 _uhttps://library.oapen.org/bitstream/20.500.12657/35217/1/340114.pdf||https://library.oapen.org/bitstream/20.500.12657/35217/1/340114.pdf||https://library.oapen.org/bitstream/20.500.12657/35217/1/340114.pdf
942 _cEB
999 _c21594
_d21594